Ultimate Marvel Superhero Quiz - Statistics

General Stats
  • This quiz has been taken 39 times
  • The average score is 65 of 100
Answer Stats
Real Name Abilities Answer % Correct
Natasha Romanoff Sublime stealth and agility. Black Widow
100%
Steve Rogers Superhuman strength and speed. Captain America
100%
Steven Strange Sorcery, opens portals and shielding spells. Doctor Strange
100%
Clint Barton Perfect aim and agility. Hawkeye
100%
Bruce Banner Super Strength, intellect and healing factor. Hulk
100%
Tony Stark Intellect, flight and Uni-Beam. Iron Man
100%
Wanda Maximoff Reality warping, telekinesis and hex powers. Scarlet Witch
100%
Peter Parker Web shooting, Spider Senses and wall climbing. Spider-Man
100%
Thor Odinson Controls weather, flight and has a magic hammer. Thor
100%
Gamora Zen Whoberi Ben Titan Swordsman skills and agility. Gamora
97%
Peter Quill Flight, expert pilot and advanced weapons arsenal. Star Lord
97%
James "Bucky" Barnes Elite marksman and possesses a metal arm. Winter Soldier
97%
Hank Pym Intellect and size alteration. Ant-Man
94%
T'challa Immaculate stealth, agility and a damage absorbing suit. Black Panther
94%
Wade Wilson Superhuman healing factor, Marksman and 4th Wall breaking. Deadpool
94%
Charles Xavier Telekinesis and telepathy. Professor X
94%
Pietro Maximoff Super speed. Quicksilver
94%
Sam Wilson Flight and an advanced set of wings. Falcon
91%
Subject 89P13 Extremely advanced weapons arsenal, intellect and master technician. Rocket Raccoon
91%
Janet Van Dyne Intellect, flight and size alteration. Wasp
91%
James Howlett Retractable Adamantium claws, healing factor and superhuman smelling. Wolverine
91%
Yondu Udonta Expert thief and controls lethal arrow with whistling sounds. Yondu
91%
Scott Summers Optic blasts from his eyeballs. Cyclops
88%
Jean Grey Telekinesis, flight and Astral projection. Phoenix
88%
Ororo Munroe Weather manipulation and flight. Storm
88%
Matthew Murdoc Superhuman hearing, martial arts and enhanced reflexes. Daredevil
85%
Max Eisenhardt Bending Metal substances. Magneto
85%
Kamala Khan Shape shifting and size alteration. Miss Marvel
85%
Eddie Brock Symbiotic body swapping, healing factor and able to shoot webs. Venom
85%
Carol Danvers Heat powers, space travel and invulnerability. Captain Marvel
82%
Cosmo Telekinesis and telepathy. Cosmo the Space Dog
82%
Johnny Storm Pyrokinesis, flight and can turn his body into fire on command. Human Torch
82%
Kraglin Obfonteri Skilled pilot, thief and eventually possesses the lethal arrow in the MCU. Kraglin
82%
Reed Richards Intelligence and is able to stretch his body to whatever he wants. Mister Fantastic
82%
Raven Darkholme Shape shifting and agility. Mystique
82%
Frank Castle Marksman and Battle strategic. The Punisher
82%
J.A.R.V.I.S Intangibility, flight and able to emit a lethal beam from his forehead. Vision
82%
Hank McCoy Intellect, super strength and endurance. Beast
79%
Flora colossus Chlorokinesis, invulnerability and regeneration. Groot
79%
Ben Grimm Super strength and endurance but takes the appearance of a large man made of rock. The Thing
79%
James Rhodes Flight and an extremely advanced weapons arsenal. War Machine
79%
Bobby Drake Cryokinesis, shape shifting and thermal vision. Iceman
76%
Susan Storm Able to turn invisible and generates force fields. Invisible Woman
76%
Namor McKenzie Water breathing, flight and telepathy. Namor
76%
Kurt Wagner Teleportation and superhuman reflexes. Nightcrawler
76%
Remy LeBeau Kinetic energy manipulation. Gambit
74%
Anna Marie Temporarily stealing other being's abilities and flight. Rogue
74%
Gwen Stacey Super strength, can shoot webs and spider senses. Spider-Gwen
74%
Tyrone Johnson Can hide in shadows and is able to create temporary inescapable field of darkness. Cloak
71%
Piotr Rasputin Inorganic (Changes his body to metal forms) and super strength and durability. Colossus
71%
Tandy Bowen Generates psionic energy (Can fire daggers made of light from her fingers). Dagger
71%
Jessica Campbell Jones Flight, superhuman strength and durability. Jessica Jones
71%
Willow Senses emotions, telepathy and martial arts. Mantis
71%
Doreen Green Can communicate with squirrels. Squirrel Girl
71%
Johnny Blaze Immortality, pyrokinesis and superhuman strength. Ghost Rider
68%
Danny Rand Expert martial artist and Chi manipulation (can heal himself and enhance his abilities) Iron Fist
68%
Marc Spector Necromancy (Raising the dead), power absorption and durability. Moon Knight
68%
Nicholas Joseph Fury Battle strategic and possesses a wide range of weapons. Nick Fury
68%
Jennifer Walters Super strength, durability and endurance. She-Hulk
68%
Jessica Drew Super strength, can shoot webs and spider senses. Spider-Woman
68%
Arthur Sampson Douglas Superhuman strength, enhanced reflexes and skilled with daggers. Drax the Destroyer
65%
Elektra Natchios Enhances strength, expert combatant and can manipulate energy. Elektra
65%
Alexei Shostakov Super strength, enhanced speed and combat skills. Red Guardian
65%
Warren Worthington III Enhances strength, flight and endurance. Angel
62%
Emma Grace Frost Telepathy and is able to turn her body into diamond. Emma Frost
62%
Miguel O’hara Intelligence, spider sense and web shooting abilities. Spider-Man 2099
62%
Michael Morbiua Enhanced senses, healing factor and fangs. Morbius
59%
Nathan Summers Advanced weapons arsenal and telepathy. Cable
56%
Blackagar Boltagon Flight and a destructive super sonic voice. Black Bolt
53%
Hercules Panhellenios Superhuman strength and enhanced agility. Hercules
50%
John Walker Superhuman strength, uses a shield and a gun. US Agent
50%
Yelena Belova Enhanced martial arts skills, stealth and markmanship. White widow
50%
Alex Summers Absorbs and converts energy into plasma waves from his body. Havok
47%
Carl Lucas Superhuman strength and durability. Luke Cage
47%
Laura Kinney Healing factor and retractable adamantium claws. X-23
47%
Lucas Bishop Energy absorption and possesses an advanced weapons arsenal. Bishop
41%
Eric Brooks Skilled swordsman and an expert in martial arts. Blade
41%
Jeffrey Can breathe on land and has legs even though he’s a species of fish. Jeff the Land Shark
41%
Neena Thurman Luck, agility and martial arts skills. Domino
38%
Illyana Rasputina Teleportation, can access demonic dimensions and wields the Soulsword. Magik
38%
Robert Reynolds Energy projection, flight and super strength. Sentry
38%
Dane Whitman Wields a sword which can cut through any substance and martial arts. Black Knight
35%
Brian Braddock Flight, enhanced reflexes and super strength. Captain Britain
35%
Richard Rider Flight, energy generation and durability. Nova
32%
Sean Cassidy Flight and generates super sonic power waves with his voice. Banshee
29%
Jubilation Lee Can emit energy blasts from her body which look like fireworks. Jubilation
24%
Barbara Morse Martial arts skills, stealth and halted aging. Mockingbird
24%
Ava Ayala Enhanced stealth, combat skills and fights using claws. White Tiger
24%
Seol Hee Able to generate and manipulate ice. Luna Snow
21%
Simon Williams Immortality, ionic energy manipulation and flight. Wonder Man
21%
Samuel Guthrie Thermokinetic energy, durability and superhuman speed. Cannonball
18%
Allison Blaire Sound and light manipulation. Dazzler
18%
Katherine Anne Intangibility and enhanced agility. Kitty Pryde
18%
Anthony Ludgate Druid Invisibility, telepathy and telekinesis. Doctor Druid
6%
Angelica Jones Can manipulate microwave energy and emit intense heat. Fire Star
6%
Wendell Vaughn Able to manipulate and create energy through quantum bands. Quasar
6%
Aaron Stack Can telescope (extend) his arms and legs, self repair and a wide range of gadgets which are kept in his body. Machine Man
3%
Jonathan Hart Flight, enhanced stamina and generates “zero” energy. Jack of Hearts
0%
Desmond Charne Empathic illusion casting. Mirage
0%
Matthew Hawk Reflexes, marksmanship and agility. Two-Gun Kid
0%
No matching quizzes found
Score Distribution
Percent of People with Each Score
Percentile by Number Answered
Your Score History
You have not taken this quiz